Faculty of Law Library — Cairo University

Official Online Catalog

حماية الطفولة فى الشريعة الإسلامية والقانون الدولى العام ، والسودانى ، والسعودى / (Record no. 49855)

MARC details
000 -LEADER
fixed length control field 01734nam a2200361 i 4500
003 - CONTROL NUMBER IDENTIFIER
control field EG-GICUC
005 - DATE AND TIME OF LATEST TRANSACTION
control field 20260121101452.0
008 - FIXED-LENGTH DATA ELEMENTS--GENERAL INFORMATION
fixed length control field 251211s1981 ua |||fr|||| 000 0 ara d
040 ## - CATALOGING SOURCE
Original cataloging agency EG-GICUC
Language of cataloging ara
Transcribing agency EG-GICUC
Modifying agency EG-GICUC
Description conventions rda
041 0# - LANGUAGE CODE
Language code of text/sound track or separate title Ara
082 04 - DEWEY DECIMAL CLASSIFICATION NUMBER
Edition number 21
Classification number 254.5
Item number م ح . ح
092 04 - LOCALLY ASSIGNED DEWEY CALL NUMBER (OCLC)
Edition number 21
099 ## - LOCAL FREE-TEXT CALL NUMBER (OCLC)
Classification number Law1 01 254.5 م ح . ح [1981]
100 0# - MAIN ENTRY--PERSONAL NAME
Personal name محمد عبد الجواد محمد
Relator term مؤلف.
245 10 - TITLE STATEMENT
Title حماية الطفولة فى الشريعة الإسلامية والقانون الدولى العام ، والسودانى ، والسعودى /
Statement of responsibility, etc. تأليف دكتور محمد عبد الجواد محمد.
246 21 - VARYING FORM OF TITLE
Title proper/short title La Protection de l'enfance en Droit Musulman et en Droit Positif (INTERNATIONAL PUBLIC, SOUDANISM ET SAUODITE)
264 #1 - PRODUCTION, PUBLICATION, DISTRIBUTION, MANUFACTURE, AND COPYRIGHT NOTICE
Place of production, publication, distribution, manufacture الإسكندرية :
Name of producer, publisher, distributor, manufacturer منشأة المعارف،
Date of production, publication, distribution, manufacture, or copyright notice [1981].
300 ## - PHYSICAL DESCRIPTION
Extent 190صفحة، صفحات غير مرقمة ؛
Dimensions 24 سم.
Other physical details إيضاحيات، صور، مثيليات ؛
336 ## - CONTENT TYPE
Source rda content
Content type term text
337 ## - MEDIA TYPE
Source rda media
Media type term Computer
338 ## - CARRIER TYPE
Source rda carrier
Carrier type term Online Resource
490 ## - SERIES STATEMENT
Series statement الكتب القانونية
504 ## - BIBLIOGRAPHY, ETC. NOTE
Bibliography, etc. note . 180-173 ببليوجرافيا: صفحات.
504 ## - BIBLIOGRAPHY, ETC. NOTE
Bibliography, etc. note يشتمل على إرجاعات ببليوجرافية.<br/><br/>
505 ## - FORMATTED CONTENTS NOTE
Formatted contents note مظاهر حماية الطفولة فى الشريعة الإسلامية خمسة وعشرون منها : خمسة قرآنية ، واثناعشر نبوية وثمانية فقهية اجتهادية
546 ## - LANGUAGE NOTE
Language note النص باللغة العربية
650 1# - SUBJECT ADDED ENTRY--TOPICAL TERM
Source of heading or term qrmak
650 1# - SUBJECT ADDED ENTRY--TOPICAL TERM
Topical term or geographic name entry element النسب
Source of heading or term qrmak
651 1# - SUBJECT ADDED ENTRY--GEOGRAPHIC NAME
Source of heading or term qrmak
856 40 - ELECTRONIC LOCATION AND ACCESS
Uniform Resource Identifier <a href="https://fll.law.cu.edu.eg/fulltext/bks/B01-03207.pdf">https://fll.law.cu.edu.eg/fulltext/bks/B01-03207.pdf</a>
905 ## - Cataloger and Reviser Names
Cataloger Name: Omar
Revisor Name: Yara
942 ## - ADDED ENTRY ELEMENTS (KOHA)
Source of classification or shelving scheme Dewey Decimal Classification
Koha item type Books
Edition 21
Suppress in OPAC No
Holdings
Withdrawn status Lost status Source of classification or shelving scheme Damaged status Not for loan Collection Home library Current library Date acquired Total checkouts Full call number Barcode Date last seen Copy number Price effective from Koha item type
    Dewey Decimal Classification   Not for loan الشريعة الإسلامية جــــامعة القــاهرة مكتبة كلية الحقوق - المبنى الرئيسي 11.12.2025   Law1 01 254.5 م ح . ح [1981] 0103207 C1 B01-03207 11.12.2025 1 11.12.2025 Books
    Dewey Decimal Classification     الشريعة الإسلامية جــــامعة القــاهرة مكتبة كلية الحقوق - المبنى الرئيسي 13.12.2025   Law1 01 254.5 م ح . ح [1981] 0103215 C2 B01-03215 13.12.2025 1 13.12.2025 Books
    Dewey Decimal Classification       جــــامعة القــاهرة مكتبة كلية الحقوق - المبنى الرئيسي 13.12.2025   Law2 01 254.5 م ح . ح [1981] 0103216 C3 B01-03216 13.12.2025 3 13.12.2025 Books

© All rights reserved — Faculty of Law, Cairo University

Implemented and Customized by: Eng. M. Mohamady